000 00785nam a22002297a 4500
003 OSt
005 20251030083004.0
008 251030b |||||||| |||| 00| 0 eng d
020 _a978-1-4260-1953-1
040 _aDWC-Main lib.
_cOC
082 _aCirc. 658.4022 P761p 2010
100 _aPOKRAS, SANDY
245 _aProblem solving for teams :
_bmake consensus more achievable/
_cSANDY POKRAS
260 _aSingapore :
_bAxzo Press,
_cc2010.
300 _aii, 151 pages :
_billustrations ;
_c26 cm. -- (A Crisp fifty-minute series book)
504 _aAppendix: pp. 145-151
650 _a1. Teams in the workplace.
650 _a2. Problem solving.
650 _a3. Conflict management.
760 _bThird edition.
942 _2ddc
_cBK-CIRC
_eThird edition.
_hCirc.
_n0
999 _c5370
_d5370